000 00573nam a2200193Ia 4500
005 20250508153459.0
008 008 250505s9999 xx 000 0 eng d
037 _aTextual
040 _aFEDL
_beng
_cFEDL
041 _aeng
_2eng
084 _a372.24, UNI
_qFEDL
100 _aFaegre Marion L
_988143
245 0 _aChildren ar out teachers
245 0 _cU. S. Department of Health, Education, and Welfare
260 _aWashington, USA
_bU.S. Government Printing Office
300 _a38p.
942 _cTEXL
_h372.24, UNI
999 _c1343164
_d1343164